[Event "OeISM B U10"]
[Site "AUT_boys_U10"]
[Date "2020.12.13"]
[Round "1"]
[White "Davidalaba"]
[Black "Lukas-2010"]
[Result "0-1"]
[WhiteElo "1471"]
[BlackElo "1944"]
[Annotator "NA RC"]
[PlyCount "64"]
[EventDate "2020.12.13"]
[EventType "blitz"]

1. e4 {[%emt 0:00:03]} c5 {[%emt 0:00:02]} 2. Nf3 {[%emt 0:00:02]} d6 {[%emt 0:00:02]} 3. d4 {[%emt 0:00:02]} cxd4 {[%emt 0:00:00]} 4. Nxd4 {[%emt 0:00:01]} Nf6 {[%emt 0:00:01]} 5. Nc3 {[%emt 0:00:02]} a6 {[%emt 0:00:11]} 6. Bc4 {[%emt 0:00:05]} b5 {[%emt 0:00:07]} 7. Bb3 {[%emt 0:00:06]} Bb7 {[%emt 0:00:02]} 8. Qe2 {[%emt 0:00:17]} e6 {[%emt 0:00:05]} 9. Bg5 {[%emt 0:00:06]} Nbd7 {[%emt 0:00:07]} 10. O-O {[%emt 0:00:16]} h6 {[%emt 0:00:08]} 11. Bh4 {[%emt 0:00:03]} g5 {[%emt 0:00:04]} 12. Bg3 {[%emt 0:00:02]} b4 {[%emt 0:00:03]} 13. Nb1 {[%emt 0:00:13]} Nxe4 {[%emt 0:00:04]} 14. Nd2 {[%emt 0:00:26]} Nxd2 {[%emt 0:00:14]} 15. Qxd2 {[%emt 0:00:00]} Nc5 {[%emt 0:00:01]} 16. Bc4 {[%emt 0:00:08]} Bg7 {[%emt 0:00:09]} 17. Rfe1 {[%emt 0:00:06]} O-O {[%emt 0:00:06]} 18. Nb3 {[%emt 0:00:24]} Ne4 {[%emt 0:00:14]} 19. Qd3 {[%emt 0:00:10]} d5 {[%emt 0:00:03]} 20. Qf3 {[%emt 0:00:30]} dxc4 {[%emt 0:00:11]} 21. Nc1 {[%emt 0:00:18]} Nc5 {[%emt 0:00:05]} 22. Qe3 {[%emt 0:00:08]} Qd5 {[%emt 0:00:04]} 23. Qf3 {[%emt 0:00:24]} Qxf3 {[%emt 0:00:02]} 24. gxf3 {[%emt 0:00:04]} Bxb2 {[%emt 0:00:01]} 25. Rb1 {[%emt 0:00:07]} Bc3 {[%emt 0:00:02]} 26. Re2 {[%emt 0:00:15]} Rad8 {[%emt 0:00:05]} 27. Re3 {[%emt 0:00:29]} Bd2 {[%emt 0:00:07]} 28. Re5 {[%emt 0:00:20]} Na4 {[%emt 0:00:13]} 29. Ne2 {[%emt 0:00:25]} Bxf3 {[%emt 0:00:10]} 30. Nc1 {[%emt 0:00:04]} Nc3 {[%emt 0:00:04]} 31. Ra1 {[%emt 0:00:05]} Bxc1 {[%emt 0:00:01]} 32. Rxc1 {[%emt 0:00:03]} Ne2+ {[%emt 0:00:01] Davidalaba resigns} 0-1

[Event "OeISM B U10"]
[Site "AUT_boys_U10"]
[Date "2020.12.13"]
[Round "1"]
[White "Hamino10"]
[Black "Janoschluis"]
[Result "0-1"]
[WhiteElo "1322"]
[BlackElo "1410"]
[Annotator "NA RC"]
[PlyCount "62"]
[EventDate "2020.12.13"]
[EventType "blitz"]

1. e4 {[%emt 0:00:03]} e6 {[%emt 0:00:02]} 2. Nf3 {[%emt 0:00:02]} Nf6 {[%emt 0:00:03]} 3. Nc3 {[%emt 0:00:02]} d5 {[%emt 0:00:04]} 4. Bb5+ {[%emt 0:00:04]} Bd7 {[%emt 0:00:06]} 5. Bxd7+ {[%emt 0:00:03]} Nbxd7 {[%emt 0:00:03]} 6. exd5 {[%emt 0:00:04]} exd5 {[%emt 0:00:03]} 7. Qe2+ {[%emt 0:00:02]} Be7 {[%emt 0:00:03]} 8. d4 {[%emt 0:00:05]} Nb6 {[%emt 0:00:02]} 9. Bg5 {[%emt 0:00:03]} O-O {[%emt 0:00:04]} 10. Bxf6 {[%emt 0:00:03]} Bxf6 {[%emt 0:00:02]} 11. O-O {[%emt 0:00:06]} Re8 {[%emt 0:00:03]} 12. Qd2 {[%emt 0:00:02]} Nc4 {[%emt 0:00:09]} 13. Qc1 {[%emt 0:00:10]} Qd6 {[%emt 0:00:10]} 14. Re1 {[%emt 0:00:06]} Qb4 {[%emt 0:00:20]} 15. Rxe8+ {[%emt 0:00:00]} Rxe8 {[%emt 0:00:05]} 16. a3 {[%emt 0:00:05]} Qd6 {[%emt 0:00:11]} 17. b3 {[%emt 0:00:03]} Nb6 {[%emt 0:00:21]} 18. a4 {[%emt 0:00:14]} c5 {[%emt 0:00:09]} 19. dxc5 {[%emt 0:00:03]} Qxc5 {[%emt 0:00:04]} 20. a5 {[%emt 0:00:04]} Bxc3 {[%emt 0:00:11]} 21. Ra2 {[%emt 0:00:18]} Nd7 {[%emt 0:00:49]} 22. a6 {[%emt 0:00:08]} bxa6 {[%emt 0:00:05]} 23. Rxa6 {[%emt 0:00:04]} Bd4 {[%emt 0:00:11]} 24. Ra4 {[%emt 0:00:07]} Bxf2+ {[%emt 0:00:05]} 25. Kf1 {[%emt 0:00:01]} Be3 {[%emt 0:00:06]} 26. Qe1 {[%emt 0:00:03]} Nf6 {[%emt 0:00:34]} 27. Nd2 {[%emt 0:00:08]} Bg1 {[%emt 0:00:19]} 28. Qh4 {[%emt 0:00:15]} Qxc2 {[%emt 0:01:00]} 29. Kxg1 {[%emt 0:00:21]} Qxd2 {[%emt 0:00:21]} 30. Rd4 {[%emt 0:00:06]} Re1+ {[%emt 0:00:07]} 31. Qxe1 {[%emt 0:00:04]} Qxe1# {[%emt 0:00:01] Mate Mate} 0-1

[Event "OeISM B U10"]
[Site "AUT_boys_U10"]
[Date "2020.12.13"]
[Round "1"]
[White "BeatG10"]
[Black "Chessroman"]
[Result "0-1"]
[WhiteElo "1267"]
[BlackElo "1517"]
[Annotator "NA RC"]
[PlyCount "74"]
[EventDate "2020.12.13"]
[EventType "blitz"]

1. e4 {[%emt 0:00:05]} e5 {[%emt 0:00:02]} 2. Nf3 {[%emt 0:00:02]} Nf6 {[%emt 0:00:08]} 3. Nxe5 {[%emt 0:00:03]} d6 {[%emt 0:00:05]} 4. Nc4 {[%emt 0:00:01]} Nxe4 {[%emt 0:00:05]} 5. Qe2 {[%emt 0:00:17]} Qe7 {[%emt 0:00:07]} 6. d3 {[%emt 0:00:19]} Nf6 {[%emt 0:00:07]} 7. Qxe7+ {[%emt 0:00:02]} Bxe7 {[%emt 0:00:02]} 8. Nc3 {[%emt 0:00:05]} O-O {[%emt 0:00:10]} 9. Be3 {[%emt 0:00:15]} d5 {[%emt 0:00:17]} 10. Nd2 {[%emt 0:00:03]} c5 {[%emt 0:00:11]} 11. Bg5 {[%emt 0:00:18]} d4 {[%emt 0:00:11]} 12. Nce4 {[%emt 0:00:05]} Re8 {[%emt 0:00:13]} 13. O-O-O {[%emt 0:00:10]} Nxe4 {[%emt 0:00:10]} 14. Nxe4 {[%emt 0:00:02]} Bxg5+ {[%emt 0:00:05]} 15. Nxg5 {[%emt 0:00:01]} Bf5 {[%emt 0:00:08]} 16. g3 {[%emt 0:00:24]} h6 {[%emt 0:00:12]} 17. Nf3 {[%emt 0:00:14]} Nc6 {[%emt 0:00:11]} 18. Bg2 {[%emt 0:00:06]} Bg4 {[%emt 0:00:05]} 19. Rde1 {[%emt 0:00:28]} Kf8 {[%emt 0:00:33]} 20. Re4 {[%emt 0:01:30]} Bf5 {[%emt 0:00:37]} 21. Rxe8+ {[%emt 0:00:13]} Rxe8 {[%emt 0:00:04]} 22. Re1 {[%emt 0:00:04]} Be6 {[%emt 0:00:33]} 23. Nd2 {[%emt 0:00:47]} Nb4 {[%emt 0:01:00]} 24. a3 {[%emt 0:00:36]} Nc6 {[%emt 0:00:20]} 25. c4 {[%emt 0:00:23]} dxc3 {[%emt 0:00:35]} 26. bxc3 {[%emt 0:00:06]} Rd8 {[%emt 0:00:16]} 27. Kc2 {[%emt 0:00:23]} Bf5 {[%emt 0:00:21]} 28. Be4 {[%emt 0:00:26]} Bxe4 {[%emt 0:00:42]} 29. Nxe4 {[%emt 0:00:03]} b6 {[%emt 0:00:04]} 30. Rd1 {[%emt 0:00:22]} Ne5 {[%emt 0:00:19]} 31. f4 {[%emt 0:00:52]} Ng4 {[%emt 0:00:14]} 32. h3 {[%emt 0:00:07] BeatG10 offers a draw} Ne3+ {[%emt 0:00:07]} 33. Kd2 {[%emt 0:00:13]} Nxd1 {[%emt 0:00:01]} 34. Kxd1 {[%emt 0:00:00]} Rxd3+ {[%emt 0:00:02]} 35. Kc2 {[%emt 0:00:01]} Re3 {[%emt 0:00:08]} 36. Nf2 {[%emt 0:00:12]} Re2+ {[%emt 0:00:04]} 37. Kd3 {[%emt 0:00:06]} Rxf2 {[%emt 0:00:02] BeatG10 resigns} 0-1

[Event "OeISM B U10"]
[Site "AUT_boys_U10"]
[Date "2020.12.13"]
[Round "1"]
[White "MK2801"]
[Black "EdiRaber"]
[Result "0-1"]
[WhiteElo "1167"]
[BlackElo "1760"]
[Annotator "NA RC"]
[PlyCount "124"]
[EventDate "2020.12.13"]
[EventType "blitz"]

1. e4 {[%emt 0:00:03]} e5 {[%emt 0:00:02]} 2. Nf3 {[%emt 0:00:01]} Nf6 {[%emt 0:00:03]} 3. Nxe5 {[%emt 0:00:02]} d6 {[%emt 0:00:02]} 4. Nf3 {[%emt 0:00:06]} Nxe4 {[%emt 0:00:01]} 5. Qe2 {[%emt 0:00:02]} Qe7 {[%emt 0:00:02]} 6. d3 {[%emt 0:00:06]} Nf6 {[%emt 0:00:02]} 7. Qxe7+ {[%emt 0:00:03]} Bxe7 {[%emt 0:00:02]} 8. Be2 {[%emt 0:00:05]} Nc6 {[%emt 0:00:03]} 9. O-O {[%emt 0:00:03]} O-O {[%emt 0:00:01]} 10. Re1 {[%emt 0:00:05]} Bg4 {[%emt 0:00:04]} 11. h3 {[%emt 0:00:04]} Bh5 {[%emt 0:00:03]} 12. Bg5 {[%emt 0:00:06]} Rfe8 {[%emt 0:00:03]} 13. Nc3 {[%emt 0:00:05]} Bxf3 {[%emt 0:00:07]} 14. Bxf3 {[%emt 0:00:03]} Nd4 {[%emt 0:00:01]} 15. Rac1 {[%emt 0:00:09]} Nxf3+ {[%emt 0:00:03]} 16. gxf3 {[%emt 0:00:01]} Kf8 {[%emt 0:00:04]} 17. Bxf6 {[%emt 0:00:05]} Bxf6 {[%emt 0:00:02]} 18. Rxe8+ {[%emt 0:00:01]} Rxe8 {[%emt 0:00:02]} 19. Nd5 {[%emt 0:00:03]} Bxb2 {[%emt 0:00:03]} 20. Rb1 {[%emt 0:00:05]} Bd4 {[%emt 0:00:15]} 21. Nxc7 {[%emt 0:00:05]} Rc8 {[%emt 0:00:03]} 22. Nb5 {[%emt 0:00:08]} Bc5 {[%emt 0:00:09]} 23. Re1 {[%emt 0:00:21]} f6 {[%emt 0:00:05]} 24. c3 {[%emt 0:00:07]} a6 {[%emt 0:00:07]} 25. Nd4 {[%emt 0:00:10]} Bxd4 {[%emt 0:00:03]} 26. cxd4 {[%emt 0:00:00]} Rc3 {[%emt 0:00:05]} 27. Rd1 {[%emt 0:00:05]} Kf7 {[%emt 0:00:05]} 28. f4 {[%emt 0:00:07]} Ra3 {[%emt 0:00:03]} 29. Rd2 {[%emt 0:00:04]} Ra4 {[%emt 0:00:01] MK2801 offers a draw} 30. Kg2 {[%emt 0:00:09]} Rxd4 {[%emt 0:00:03]} 31. Kg3 {[%emt 0:00:04]} Ra4 {[%emt 0:00:06]} 32. h4 {[%emt 0:00:05]} Ra3 {[%emt 0:00:05]} 33. Kg4 {[%emt 0:00:07]} g6 {[%emt 0:00:03]} 34. f5 {[%emt 0:00:13]} h5+ {[%emt 0:00:13]} 35. Kf4 {[%emt 0:00:06]} Ra4+ {[%emt 0:00:05]} 36. Kg3 {[%emt 0:00:06]} Rg4+ {[%emt 0:00:05]} 37. Kh3 {[%emt 0:00:05]} gxf5 {[%emt 0:00:04]} 38. Rc2 {[%emt 0:00:06]} Rd4 {[%emt 0:00:05]} 39. Rc7+ {[%emt 0:00:02]} Kg6 {[%emt 0:00:04]} 40. Rxb7 {[%emt 0:00:07]} Rxd3+ {[%emt 0:00:02]} 41. Kg2 {[%emt 0:00:05]} Rd2 {[%emt 0:00:01]} 42. Rd7 {[%emt 0:00:06]} a5 {[%emt 0:00:06]} 43. a4 {[%emt 0:00:05]} Rd4 {[%emt 0:00:05]} 44. Kg3 {[%emt 0:00:05]} f4+ {[%emt 0:00:04]} 45. Kf3 {[%emt 0:00:03]} d5 {[%emt 0:00:13] MK2801 offers a draw} 46. Rd8 {[%emt 0:00:17]} Rxa4 {[%emt 0:00:07]} 47. Rxd5 {[%emt 0:00:03]} Ra1 {[%emt 0:00:04]} 48. Kxf4 {[%emt 0:00:11]} a4 {[%emt 0:00:01]} 49. Ra5 {[%emt 0:00:07]} a3 {[%emt 0:00:02]} 50. Ke4 {[%emt 0:00:05]} a2 {[%emt 0:00:02]} 51. f4 {[%emt 0:00:02]} Re1+ {[%emt 0:00:02]} 52. Kd3 {[%emt 0:00:07]} a1=Q {[%emt 0:00:01]} 53. Rxa1 {[%emt 0:00:02]} Rxa1 {[%emt 0:00:03]} 54. Ke4 {[%emt 0:00:02]} Ra4+ {[%emt 0:00:03]} 55. Kf3 {[%emt 0:00:02]} Kf5 {[%emt 0:00:01]} 56. Kg3 {[%emt 0:00:06]} Rxf4 {[%emt 0:00:00]} 57. Kh3 {[%emt 0:00:02]} Rg4 {[%emt 0:00:01]} 58. Kh2 {[%emt 0:00:02]} Kf4 {[%emt 0:00:01]} 59. Kh3 {[%emt 0:00:02]} Kf3 {[%emt 0:00:01]} 60. Kh2 {[%emt 0:00:02]} f5 {[%emt 0:00:02]} 61. Kh1 {[%emt 0:00:02]} Kf2 {[%emt 0:00:02]} 62. Kh2 {[%emt 0:00:04]} Rxh4# {[%emt 0:00:00] Mate Mate} 0-1

[Event "OeISM B U10"]
[Site "AUT_boys_U10"]
[Date "2020.12.13"]
[Round "2"]
[White "Lukas-2010"]
[Black "Sunny3000"]
[Result "1-0"]
[WhiteElo "1946"]
[BlackElo "1561"]
[Annotator "NA RC"]
[PlyCount "51"]
[EventDate "2020.12.13"]
[EventType "blitz"]

1. e4 {[%emt 0:00:02]} c5 {[%emt 0:00:03]} 2. Nf3 {[%emt 0:00:03]} e6 {[%emt 0:00:02]} 3. d4 {[%emt 0:00:02]} cxd4 {[%emt 0:00:02]} 4. Nxd4 {[%emt 0:00:00]} Nf6 {[%emt 0:00:07]} 5. Nc3 {[%emt 0:00:04]} Qb6 {[%emt 0:00:08]} 6. Nb3 {[%emt 0:00:06]} Bb4 {[%emt 0:00:08]} 7. Bd3 {[%emt 0:00:03]} O-O {[%emt 0:00:11]} 8. O-O {[%emt 0:00:02]} Nc6 {[%emt 0:00:22]} 9. Re1 {[%emt 0:00:12]} Bxc3 {[%emt 0:00:13]} 10. bxc3 {[%emt 0:00:03]} d5 {[%emt 0:00:08]} 11. e5 {[%emt 0:00:08]} Nd7 {[%emt 0:00:13]} 12. Bf4 {[%emt 0:00:07]} a6 {[%emt 0:00:15]} 13. Qh5 {[%emt 0:00:08]} g6 {[%emt 0:00:19]} 14. Qh6 {[%emt 0:00:06]} Qc7 {[%emt 0:00:17]} 15. Re3 {[%emt 0:00:12]} Ncxe5 {[%emt 0:00:31]} 16. Rh3 {[%emt 0:00:10]} Nf6 {[%emt 0:00:30]} 17. Re1 {[%emt 0:00:14]} Neg4 {[%emt 0:01:14]} 18. Qxf8+ {[%emt 0:00:06]} Kxf8 {[%emt 0:00:06]} 19. Bxc7 {[%emt 0:00:00]} Bd7 {[%emt 0:00:18]} 20. f3 {[%emt 0:00:05]} Nh6 {[%emt 0:00:29]} 21. Rxh6 {[%emt 0:00:03]} Kg7 {[%emt 0:00:00]} 22. Rh4 {[%emt 0:00:02]} Rc8 {[%emt 0:00:00]} 23. Be5 {[%emt 0:00:02]} g5 {[%emt 0:00:44]} 24. Rxh7+ {[%emt 0:00:03]} Kg8 {[%emt 0:00:04]} 25. Bxf6 {[%emt 0:00:00]} Kf8 {[%emt 0:00:16]} 26. Rh8# {[%emt 0:00:02] Mate Mate} 1-0

[Event "OeISM B U10"]
[Site "AUT_boys_U10"]
[Date "2020.12.13"]
[Round "2"]
[White "NIKO2011"]
[Black "Noeldep3f"]
[Result "1-0"]
[WhiteElo "1834"]
[BlackElo "1534"]
[Annotator "NA RC"]
[PlyCount "49"]
[EventDate "2020.12.13"]
[EventType "blitz"]

1. e4 {[%emt 0:00:04]} e5 {[%emt 0:00:17]} 2. Nf3 {[%emt 0:00:01]} Nc6 {[%emt 0:00:03]} 3. d4 {[%emt 0:00:01]} exd4 {[%emt 0:00:04]} 4. Nxd4 {[%emt 0:00:01]} Bc5 {[%emt 0:00:03]} 5. Be3 {[%emt 0:00:02]} Qf6 {[%emt 0:00:02]} 6. c3 {[%emt 0:00:01]} Nge7 {[%emt 0:00:03]} 7. Be2 {[%emt 0:00:19]} d6 {[%emt 0:00:04]} 8. O-O {[%emt 0:00:03]} O-O {[%emt 0:00:04]} 9. Qd2 {[%emt 0:00:06]} Qg6 {[%emt 0:00:04]} 10. Bf3 {[%emt 0:00:08]} Ne5 {[%emt 0:00:06]} 11. Kh1 {[%emt 0:00:08]} Qf6 {[%emt 0:00:17]} 12. Bg5 {[%emt 0:00:13]} Qg6 {[%emt 0:00:09]} 13. Bxe7 {[%emt 0:00:04]} Qf6 {[%emt 0:00:00]} 14. Bxf6 {[%emt 0:00:01]} gxf6 {[%emt 0:00:12]} 15. Be2 {[%emt 0:00:29]} Kh8 {[%emt 0:00:02]} 16. f4 {[%emt 0:00:03]} Ng6 {[%emt 0:00:06]} 17. a4 {[%emt 0:00:07]} Rg8 {[%emt 0:00:03]} 18. b4 {[%emt 0:00:04]} Bxd4 {[%emt 0:00:03]} 19. Qxd4 {[%emt 0:00:02]} Kg7 {[%emt 0:00:08]} 20. Rf3 {[%emt 0:00:04]} Bg4 {[%emt 0:00:12]} 21. Rf2 {[%emt 0:00:05]} Bxe2 {[%emt 0:00:03]} 22. Rxe2 {[%emt 0:00:02]} Nxf4 {[%emt 0:00:04]} 23. Rf2 {[%emt 0:00:04]} Ng6 {[%emt 0:00:05]} 24. Qxf6+ {[%emt 0:00:02]} Kf8 {[%emt 0:00:01]} 25. Qxf7# {[%emt 0:00:01] Mate Mate} 1-0

[Event "OeISM B U10"]
[Site "AUT_boys_U10"]
[Date "2020.12.13"]
[Round "2"]
[White "EdiRaber"]
[Black "Super-Patzer"]
[Result "1/2-1/2"]
[WhiteElo "1761"]
[BlackElo "1629"]
[Annotator "NA RC"]
[PlyCount "116"]
[EventDate "2020.12.13"]
[EventType "blitz"]

1. e4 {[%emt 0:00:07]} c6 {[%emt 0:00:02]} 2. d4 {[%emt 0:00:02]} d5 {[%emt 0:00:01]} 3. exd5 {[%emt 0:00:02]} cxd5 {[%emt 0:00:01]} 4. c4 {[%emt 0:00:00]} Nf6 {[%emt 0:00:02]} 5. Nc3 {[%emt 0:00:02]} Nc6 {[%emt 0:00:04]} 6. Nf3 {[%emt 0:00:02]} e6 {[%emt 0:00:04]} 7. Bg5 {[%emt 0:00:02]} Be7 {[%emt 0:00:02]} 8. Be2 {[%emt 0:00:04]} O-O {[%emt 0:00:02]} 9. O-O {[%emt 0:00:03]} h6 {[%emt 0:00:05]} 10. Bxf6 {[%emt 0:00:03]} Bxf6 {[%emt 0:00:02]} 11. cxd5 {[%emt 0:00:06]} exd5 {[%emt 0:00:04]} 12. Bb5 {[%emt 0:00:01]} Bg4 {[%emt 0:00:05]} 13. h3 {[%emt 0:00:07]} Bh5 {[%emt 0:00:02]} 14. Bxc6 {[%emt 0:00:02]} bxc6 {[%emt 0:00:03]} 15. Qd3 {[%emt 0:00:06]} Re8 {[%emt 0:00:05]} 16. Rfe1 {[%emt 0:00:04]} Qd6 {[%emt 0:00:05]} 17. Rad1 {[%emt 0:00:27]} Bg6 {[%emt 0:00:08]} 18. Qd2 {[%emt 0:00:05]} Rad8 {[%emt 0:00:08]} 19. Re2 {[%emt 0:00:04]} Re7 {[%emt 0:00:19]} 20. Rde1 {[%emt 0:00:03]} Rde8 {[%emt 0:00:02]} 21. a3 {[%emt 0:00:09]} a6 {[%emt 0:00:19]} 22. b4 {[%emt 0:00:06]} a5 {[%emt 0:00:14]} 23. Na4 {[%emt 0:00:08]} axb4 {[%emt 0:00:11]} 24. axb4 {[%emt 0:00:02]} Rxe2 {[%emt 0:00:06]} 25. Rxe2 {[%emt 0:00:12]} Rxe2 {[%emt 0:00:03]} 26. Qxe2 {[%emt 0:00:02]} Qxb4 {[%emt 0:00:06]} 27. Nc5 {[%emt 0:00:04]} Bh5 {[%emt 0:00:15]} 28. Qe8+ {[%emt 0:00:14]} Kh7 {[%emt 0:00:07]} 29. Qxc6 {[%emt 0:00:04]} Bxf3 {[%emt 0:00:05]} 30. gxf3 {[%emt 0:00:03]} Bxd4 {[%emt 0:00:04]} 31. Nd3 {[%emt 0:00:14]} Qc3 {[%emt 0:00:19]} 32. Qxc3 {[%emt 0:00:14]} Bxc3 {[%emt 0:00:02]} 33. Kf1 {[%emt 0:00:03]} Kg6 {[%emt 0:00:02]} 34. Ke2 {[%emt 0:00:02]} d4 {[%emt 0:00:01]} 35. Nf4+ {[%emt 0:00:09]} Kf5 {[%emt 0:00:09]} 36. Nd5 {[%emt 0:00:03]} g5 {[%emt 0:00:08]} 37. Kd3 {[%emt 0:00:10]} h5 {[%emt 0:00:07]} 38. Ke2 {[%emt 0:00:17] EdiRaber offers a draw} g4 {[%emt 0:00:18]} 39. fxg4+ {[%emt 0:00:15]} hxg4 {[%emt 0:00:01]} 40. hxg4+ {[%emt 0:00:02]} Kxg4 {[%emt 0:00:02]} 41. f3+ {[%emt 0:00:03]} Kg3 {[%emt 0:00:05]} 42. f4 {[%emt 0:00:06]} f5 {[%emt 0:00:04]} 43. Kd3 {[%emt 0:00:22]} Kf3 {[%emt 0:00:01]} 44. Kc2 {[%emt 0:00:06]} Ke4 {[%emt 0:00:02]} 45. Ne7 {[%emt 0:00:38]} Kxf4 {[%emt 0:00:03]} 46. Kd1 {[%emt 0:00:04]} Ke4 {[%emt 0:00:05]} 47. Ng6 {[%emt 0:00:05]} f4 {[%emt 0:00:02]} 48. Nh4 {[%emt 0:00:40]} f3 {[%emt 0:00:05]} 49. Ng6 {[%emt 0:00:26]} f2 {[%emt 0:00:07]} 50. Ke2 {[%emt 0:00:04]} d3+ {[%emt 0:00:06]} 51. Kxf2 {[%emt 0:00:05]} d2 {[%emt 0:00:01]} 52. Ke2 {[%emt 0:00:02]} Kd4 {[%emt 0:00:02]} 53. Kd1 {[%emt 0:00:05]} Ke3 {[%emt 0:00:09] EdiRaber offers a draw} 54. Nh4 {[%emt 0:00:06]} Bf6 {[%emt 0:00:10]} 55. Ng2+ {[%emt 0:00:13]} Kd3 {[%emt 0:00:05]} 56. Ne1+ {[%emt 0:00:04]} Kc3 {[%emt 0:00:07]} 57. Nf3 {[%emt 0:00:04]} Kd3 {[%emt 0:00:10]} 58. Nxd2 {[%emt 0:00:03]} Bg5 {[%emt 0:00:07] Super-Patzer offers a draw} 1/2-1/2

[Event "OeISM B U10"]
[Site "AUT_boys_U10"]
[Date "2020.12.13"]
[Round "2"]
[White "Mightimix"]
[Black "Mattfried"]
[Result "1-0"]
[WhiteElo "1642"]
[BlackElo "1677"]
[Annotator "NA RC"]
[PlyCount "97"]
[EventDate "2020.12.13"]
[EventType "blitz"]

1. e4 {[%emt 0:00:04]} e5 {[%emt 0:00:02]} 2. Nf3 {[%emt 0:00:02]} Nc6 {[%emt 0:00:02]} 3. Nc3 {[%emt 0:00:02]} Nf6 {[%emt 0:00:07]} 4. Bb5 {[%emt 0:00:04]} a6 {[%emt 0:00:24]} 5. Bxc6 {[%emt 0:00:07]} dxc6 {[%emt 0:00:00]} 6. O-O {[%emt 0:00:03]} Bd6 {[%emt 0:00:03]} 7. h3 {[%emt 0:00:13]} O-O {[%emt 0:00:05]} 8. d3 {[%emt 0:00:04]} h6 {[%emt 0:00:02]} 9. Be3 {[%emt 0:00:03]} Be6 {[%emt 0:00:03]} 10. a3 {[%emt 0:00:13]} Qd7 {[%emt 0:00:15]} 11. Nh2 {[%emt 0:00:17]} Nh7 {[%emt 0:00:12]} 12. f4 {[%emt 0:00:04]} f5 {[%emt 0:00:51]} 13. fxe5 {[%emt 0:00:10]} Bxe5 {[%emt 0:00:04]} 14. exf5 {[%emt 0:00:14]} Bxf5 {[%emt 0:00:07]} 15. Nf3 {[%emt 0:00:18]} Qe6 {[%emt 0:00:16]} 16. Qd2 {[%emt 0:00:50]} Bxc3 {[%emt 0:00:09]} 17. bxc3 {[%emt 0:00:05]} Rad8 {[%emt 0:00:15]} 18. Nd4 {[%emt 0:00:11]} Qe5 {[%emt 0:00:31]} 19. Nxf5 {[%emt 0:00:06]} Rxf5 {[%emt 0:00:03]} 20. Bf4 {[%emt 0:00:32]} Qf6 {[%emt 0:00:39]} 21. Bxc7 {[%emt 0:00:12]} Rf8 {[%emt 0:00:20]} 22. Rxf5 {[%emt 0:00:07]} Qxf5 {[%emt 0:00:00]} 23. Re1 {[%emt 0:00:21]} Ng5 {[%emt 0:00:32]} 24. Qe2 {[%emt 0:00:16]} Qg6 {[%emt 0:00:10]} 25. Kh2 {[%emt 0:00:17]} Rc8 {[%emt 0:00:25]} 26. Bf4 {[%emt 0:00:10]} Rf8 {[%emt 0:00:30]} 27. Qe5 {[%emt 0:00:44]} Nf7 {[%emt 0:01:06]} 28. Qc7 {[%emt 0:00:19]} Qf6 {[%emt 0:00:24]} 29. d4 {[%emt 0:00:30]} Kh8 {[%emt 0:00:31]} 30. Bg3 {[%emt 0:00:15]} Qf5 {[%emt 0:00:46]} 31. Re7 {[%emt 0:00:22]} Kg8 {[%emt 0:00:32]} 32. Qxb7 {[%emt 0:00:08]} Qxc2 {[%emt 0:00:04]} 33. Qxc6 {[%emt 0:00:09]} Ng5 {[%emt 0:00:13]} 34. Re3 {[%emt 0:01:24]} Qd2 {[%emt 0:00:19]} 35. Qc4+ {[%emt 0:00:25]} Kh8 {[%emt 0:00:06]} 36. Qe2 {[%emt 0:00:04]} Nf3+ {[%emt 0:00:16]} 37. gxf3 {[%emt 0:00:10]} Qxe2+ {[%emt 0:00:16]} 38. Rxe2 {[%emt 0:00:04]} Rxf3 {[%emt 0:00:00]} 39. c4 {[%emt 0:00:05]} Rxa3 {[%emt 0:00:02]} 40. c5 {[%emt 0:00:02]} Rd3 {[%emt 0:00:05]} 41. Be5 {[%emt 0:00:04]} a5 {[%emt 0:00:01]} 42. c6 {[%emt 0:00:02]} a4 {[%emt 0:00:06]} 43. Rc2 {[%emt 0:00:02]} a3 {[%emt 0:00:13]} 44. c7 {[%emt 0:00:02]} Rc3 {[%emt 0:00:14]} 45. Rxc3 {[%emt 0:00:02]} a2 {[%emt 0:00:00]} 46. c8=Q+ {[%emt 0:00:02]} Kh7 {[%emt 0:00:01]} 47. Qf5+ {[%emt 0:00:01]} g6 {[%emt 0:00:03]} 48. Rc7+ {[%emt 0:00:04]} Kg8 {[%emt 0:00:00]} 49. Qc8# {[%emt 0:00:02] Mate Mate} 1-0

[Event "OeISM B U10"]
[Site "AUT_boys_U10"]
[Date "2020.12.13"]
[Round "2"]
[White "Daniel195"]
[Black "Luis_VST"]
[Result "1-0"]
[WhiteElo "1635"]
[BlackElo "1289"]
[Annotator "NA RC"]
[PlyCount "57"]
[EventDate "2020.12.13"]
[EventType "blitz"]

1. d4 {[%emt 0:00:08]} e6 {[%emt 0:00:11]} 2. Nf3 {[%emt 0:00:04]} c5 {[%emt 0:00:03]} 3. e3 {[%emt 0:00:06]} cxd4 {[%emt 0:00:04]} 4. exd4 {[%emt 0:00:05]} Nc6 {[%emt 0:00:12]} 5. c4 {[%emt 0:00:08]} Bb4+ {[%emt 0:00:16]} 6. Bd2 {[%emt 0:00:03]} Bxd2+ {[%emt 0:00:04]} 7. Nbxd2 {[%emt 0:00:03]} Nf6 {[%emt 0:00:02]} 8. Be2 {[%emt 0:00:05]} O-O {[%emt 0:00:02]} 9. O-O {[%emt 0:00:02]} d5 {[%emt 0:00:04]} 10. Nb3 {[%emt 0:00:11]} dxc4 {[%emt 0:00:02]} 11. Bxc4 {[%emt 0:00:03]} Bd7 {[%emt 0:00:16]} 12. Rc1 {[%emt 0:00:13]} e5 {[%emt 0:00:10]} 13. dxe5 {[%emt 0:00:07]} Nh5 {[%emt 0:00:05]} 14. Nfd4 {[%emt 0:00:18]} Qc8 {[%emt 0:00:54]} 15. Qxh5 {[%emt 0:00:08]} Bg4 {[%emt 0:00:06]} 16. Qg5 {[%emt 0:00:03]} h6 {[%emt 0:00:04]} 17. Qd2 {[%emt 0:00:03]} Nxd4 {[%emt 0:00:09]} 18. Nxd4 {[%emt 0:00:05]} Qd7 {[%emt 0:00:09]} 19. h3 {[%emt 0:00:06]} Qe8 {[%emt 0:00:03]} 20. hxg4 {[%emt 0:00:03]} Rd8 {[%emt 0:00:02]} 21. Qe3 {[%emt 0:00:16]} Rd7 {[%emt 0:00:08]} 22. Rfd1 {[%emt 0:00:10]} Qd8 {[%emt 0:00:02]} 23. Bb3 {[%emt 0:00:10]} Rxd4 {[%emt 0:00:03]} 24. Rxd4 {[%emt 0:00:02]} Qe8 {[%emt 0:00:03]} 25. g5 {[%emt 0:00:10]} Qe7 {[%emt 0:00:04]} 26. gxh6 {[%emt 0:00:02]} gxh6 {[%emt 0:00:04]} 27. Qxh6 {[%emt 0:00:02]} Qg5 {[%emt 0:00:12]} 28. Qxg5+ {[%emt 0:00:03]} Kh7 {[%emt 0:00:05]} 29. Rh4# {[%emt 0:00:00] Mate Mate} 1-0